000 00276nam a22001337a 4500
008 170715b xxu||||| |||| 00| 0 eng d
020 _a0030194415
041 _aeng
080 _a2
100 _a24
101 _aTEO
245 _aRELIGIONS
_cFELLOWS, W.J
942 _2udc
_cBK
999 _c21206
_d21206